|
|
|
|
| LEADER |
01582nam a2200313 4500 |
| 001 |
DLU170180407 |
| 005 |
##20170808 |
| 040 |
# |
# |
|a DLU
|b vie
|
| 041 |
# |
# |
|a vie
|
| 044 |
# |
# |
|a vn
|
| 082 |
# |
# |
|a 364
|b TR-C
|
| 100 |
# |
# |
|a Trần Đức Châm.
|
| 245 |
# |
# |
|a Xã hội học tội phạm /
|c Trần Đức Châm.
|
| 260 |
# |
# |
|a H. :
|b Chính trị Quốc gia - Sự thật,
|c 2012.
|
| 300 |
# |
# |
|a 151tr. ;
|c 21cm.
|
| 504 |
# |
# |
|a Tài liệu tham khảo: tr.143-148.
|
| 505 |
# |
# |
|a Chương I. Đối tượng, phương pháp nghiên cứu và chức năng của xã hội học tội phạm -- Chương II. Khái lược sự ra đời và phát triển của xã hội học tội phạm, mối quan hệ giữa xã hội học tội phạm với các khoa học khác -- Chương III. Các lý thuyết giải thích về nguồn gốc sai lệch và tội phạm -- Chương IV. Chuẩn mực xã hội và sự sai lệch chuẩn mực xã hội -- Chương V. Những đặc điểm xã hội học của một số loại tội phạm nghiêm trọng hiện nay -- Chương VI. Đặc điểm, nguyên nhân, tác hại của tình hình tội phạm và các biện pháp phòng chống tội phạm -- Chương VII. Công tác đấu tranh phòng, chống tội phạm ở Việt Nam trong tình hình mới.
|
| 650 |
# |
# |
|a Tội phạm.
|
| 923 |
# |
# |
|a 05/2016
|
| 991 |
# |
# |
|a GT
|
| 992 |
# |
# |
|a 29000
|
| 994 |
# |
# |
|a DLU
|
| 900 |
# |
# |
|a True
|
| 911 |
# |
# |
|a Nguyễn Thanh Hương
|
| 925 |
# |
# |
|a G
|
| 926 |
# |
# |
|a A
|
| 927 |
# |
# |
|a SH
|
| 980 |
# |
# |
|a Thư viện Trường Đại học Đà Lạt
|